Statistics for Marvel Rulers

Click here to take the quiz!

General Stats

  • This quiz has been taken 26 times
  • The average score is 10 of 20

Answer Stats

HintAnswer% Correct
WakandaBlack Panther
100%
AsgardOdin
100%
HelHela
95%
OlympusZeus
84%
AtlantisNamor
74%
LatveriaDoctor Doom
68%
The Dark DimensionDormammu
68%
HellMephisto
63%
ChronopolisKang
47%
The Dream DimensionNightmare
47%
AtilanBlack Bolt
42%
The Negative ZoneAnnihilus
32%
GenoshaMagneto
32%
MojoworldMojo
32%
LimboMagik
26%
SvartalfheimMalekith
26%
The Shi'arLilandra
21%
SubterraneaMole Man
21%
The Kree-Skrull AllianceHulkling
16%
The AbyssKnull
11%

Score Distribution

Percentile by Number Answered

Percent of People with Each Score

Your Score History

You have not taken this quiz